logo

Bir Sreshtho Munshi Abdur Rouf Library
Jhenaidah Cadet College

ছড়ায় ছড়ায় শেখ রাসেল / (Record no. 12565)

MARC details
000 -LEADER
fixed length control field 00819nam a2200241 a 4500
001 - CONTROL NUMBER
JCCL Control Number 12565
003 - CONTROL NUMBER IDENTIFIER
JCCL marc code BD-JhCC
005 - DATE AND TIME OF LATEST TRANSACTION
control field 20220906101333.0
008 - FIXED-LENGTH DATA ELEMENTS--GENERAL INFORMATION
fixed length control field 220904b2018 bg a|||| |||a 000 0 ben d
020 ## - INTERNATIONAL STANDARD BOOK NUMBER
International Standard Book Number 9789845110358
035 ## - SYSTEM CONTROL NUMBER
system control number (BD-JhCC)12565
040 ## - CATALOGING SOURCE
Original cataloging agency BD-JhCC
Modifying agency BD-JhCC
041 ## - LANGUAGE CODE
Language code of Book Bengali
082 ## - DEWEY DECIMAL CLASSIFICATION NUMBER
Classification number 920
Author mark and Year ALI 2018
100 ## - MAIN ENTRY--PERSONAL NAME
Personal name আলী, আ.ফ.ম মোদাচ্ছের
245 ## - TITLE STATEMENT
Title ছড়ায় ছড়ায় শেখ রাসেল /
Statement of responsibility, etc আ.ফ.ম মোদাচ্ছের আলী ।
260 ## - PUBLICATION, DISTRIBUTION, ETC. (IMPRINT)
Place of publication, distribution, etc ঢাকা :
Name of publisher, distributor, etc শব্দে শিল্পচর্চা দাাঁড়িকমা প্রকাশনী ;
Date of publication, distribution, etc ২০১৮.
300 ## - PHYSICAL DESCRIPTION
Pagination 32 p. :
Other physical details ill;
Dimensions 24 cm.
650 ## - SUBJECT ADDED ENTRY--TOPICAL TERM
Topical term or geographic name as entry element Biography
650 ## - SUBJECT ADDED ENTRY--TOPICAL TERM
Topical term or geographic name as entry element Sheikh Rasel
942 ## - ADDED ENTRY ELEMENTS (KOHA)
Source of classification or shelving scheme Dewey Decimal Classification
Koha item type Books
Holdings
Source of classification or shelving scheme Damaged status Not for loan Home library Current library Shelving location Date of accession Cost, normal purchase price Total Checkouts Full call number Barcode Date last seen Copy number Koha item type
Dewey Decimal Classification     JCC Rouf Library JCC Rouf Library General Stacks 07/20/2021 120.00   920 ALI 2018 17037 09/06/2022 C-1 Books
Dewey Decimal Classification     JCC Rouf Library JCC Rouf Library General Stacks 07/20/2021 120.00   920 ALI 2018 17038 09/06/2022 C-2 Books

JCC Library | Contacts | JCC Home

Last Update on 23 September 2017
Copyright @ 2017-2020 JCC Rouf Library
Rouf Library, Jhenidah Cadet College (JCC), Bangladesh